| 000 | 00487nam a22001575i 4500 | ||
|---|---|---|---|
| 001 | 54156 | ||
| 003 | ES-MaACL | ||
| 007 | t| | ||
| 008 | 960711s1844 gw ||||1| eng d | ||
| 040 |
_aCAM _bspa _cCAM |
||
| 100 | 1 |
_aFielding, Henry. _950700 |
|
| 245 | 1 | 4 |
_aThe history of Tom Jones _b: a foundling / _cby Henry Fielding; with the life of the author. |
| 260 |
_aLeipzig : _bBernhard Tauchnitz, _c1844. |
||
| 300 |
_a2 t. en 1 v. (456; 443 p.) ; _c16 cm. |
||
| 852 |
_aES-MaACL _jG-11558 |
||
| 999 |
_c54156 _d54156 |
||